00331nam a22001217a 4500020001800000040000900018082002800027100003700055245006800092250001200160260002800172300000900200 a9781451116595 cNUST 2SEVENTHa616.9041 bKON aGary W. Procop,deirdre l. church akoneman's Color atlas and text book of Diagnostic Microbiology aseventh aUSAbs4 carlisle c2017 a1606